| 000 | 00849nam a2200301Ia 4500 | ||
|---|---|---|---|
| 001 | Z_3003 | ||
| 003 | CHAP | ||
| 008 | 220113s2009 xx 000 0 und d | ||
| 010 | _a166090 | ||
| 020 | _a978-968-24-4958-1 | ||
| 040 | _cCHAP | ||
| 082 | _a378.242 I23 | ||
| 100 |
_aIbáñez Brambila, Berenice _9140154 |
||
| 245 |
_aManual para la elaboración de tesis / _cBerenice Ibáñez Brambila |
||
| 250 | _a2a. ed. | ||
| 260 |
_aMéxico, D. F. : _bTrillas; Consejo Nacional para la Enseñanza e investigación en Psicología, _c2009 |
||
| 300 | _a303 p. | ||
| 500 | _aReimpresión 2009 | ||
| 503 | _aej. 1: C/E | ||
| 650 |
_aInvestigación _xMetodología _960237 |
||
| 650 |
_aTrabajos científicos _xElaboración _9114562 |
||
| 901 | _a378.242 I23 | ||
| 902 | _aM | ||
| 910 | _a2009 | ||
| 942 | _c1 | ||
| 942 | _cc1 | ||
| 999 |
_c166090 _d166090 |
||